[Event "USA-ch Juniors 2020"]
[Site "Saint Louis"]
[Date "2020.10.14"]
[Round "4.1"]
[White "Sevian, Samuel"]
[Black "Balakrishnan, Praveen"]
[Result "1-0"]
[WhiteElo "2660"]
[BlackElo "2485"]
[Annotator "TA"]
[PlyCount "125"]
[EventDate "2020.10.13"]
[EventType "tourn"]
[EventCountry "USA"]
[SourceTitle "playchess.com"]
[Source "ChessBase"]
[SourceQuality "1"]

{[%evp 24,125,2,0,0,0,-15,-45,-36,-120,17,23,13,-27,-25,-16,0,-138,-10,-30,-18,-8,-7,-68,-30,-148,-178,-256,-237,-254,-250,-246,-208,-224,-87,-417,-238,-208,-164,-257,-259,-252,-239,-222,-226,-300,-304,-385,-378,-377,-355,-386,-360,-397,-383,-445,-341,-552,-556,-556,-553,-562,-560,-579,-560,-597,-587,-595,-581,-625,-449,-650,-552,-1300,-622,-789,-481,-471,-462,-459,-366,-480,-434,-445,-13,-42,0,0,0,-250,-254,-263,0,0,2320,1965,2402,2697,1972,1695,29985,29986,29986,29987]} 1. e4 c6 2. d4 d5 3. Nd2 dxe4 4. Nxe4 Bf5 5. Ng3 Bg6 6. h4 h6 7. Nf3 Nd7 8. h5 Bh7 9. Bd3 Bxd3 10. Qxd3 e6 11. Bd2 Ngf6 12. O-O-O Be7 13. Kb1 Qb6 {B19: Classical Caro-Kann: 4...Bf5 main line.} 14. Qe2 O-O 15. Nf1 $5 {[%mdl 4] Exploring less charted territory.} c5 {Black is slightly better.} 16. g4 (16. c3 $15) 16... Nxg4 (16... cxd4 $17 17. g5 hxg5) 17. Rg1 $11 f5 $1 {[#]} 18. N1h2 $146 ({Predecessor:} 18. Ne3 Ndf6 19. d5 Nxe3 20. Qxe3 Ng4 21. Bc3 Bf6 22. Bxf6 Rxf6 23. Qc3 Qb4 24. Qxb4 cxb4 25. dxe6 {0-1 (52) Novotny,M (2293)-Wenninger,P (2229) Pardubice 2013}) 18... Nxh2 ({Much weaker is} 18... cxd4 $6 19. Nxg4 fxg4 20. Rxg4 $14) 19. Nxh2 Kh7 $36 {[%mdl 2048] Black has some pressure.} 20. Rg6 (20. Qe3 $11 Bg5 21. Rxg5 hxg5 22. Qxg5) 20... Rf6 (20... Bf6 $17 21. c3 cxd4 22. cxd4 Qxd4) 21. Bc3 Rxg6 22. hxg6+ Kg8 23. d5 (23. Nf3 $11) 23... Nf6 24. d6 (24. Qxe6+ $11 {keeps the balance.} Qxe6 25. dxe6) 24... Ne4 $17 25. Ka1 (25. Ba5 $142 Qxa5 26. dxe7) 25... Bxd6 $19 26. f3 Ng5 27. Nf1 Rd8 28. Ne3 {With the idea Nc4.} Bf4 {[#]} (28... Bf8 $19 {has better winning chances.} 29. Rf1 Qc6) 29. Re1 $2 {[%mdl 8192]} (29. Nxf5 $1 $17 {[%mdl 512]} Rxd1+ (29... exf5 30. Rd7) 30. Qxd1 exf5 31. Qd5+ {[%mdl 64] Double Attack} Kh8 32. Qxf5) 29... Bxe3 (29... Qc6 $142 30. Nxf5 Qxf3 31. Ne7+ Kh8 32. Qxf3 Nxf3) 30. Qxe3 Qd6 31. a4 (31. a3 {is a better defense.}) 31... f4 32. Qe2 Qd5 33. Rf1 Qf5 34. b3 Qxg6 35. Qe5 Nf7 36. Qe2 {[#]} e5 $1 37. Kb2 (37. Bxe5 Re8) 37... Re8 38. Qb5 Qc6 39. Qc4 e4 40. Rg1 $2 (40. Re1) 40... g5 41. fxe4 Rxe4 42. Qf1 c4 43. b4 Kh7 44. Qd1 Qd6 45. Qf3 Qe6 46. Qd1 Re3 47. Bd4 {[#]} (47. Qd4 $142 Qg6 48. Qxc4) 47... c3+ $1 48. Ka3 (48. Bxc3 Ne5) 48... Re4 49. Qd3 Qg6 50. Qxc3 {[#]} f3 $1 51. Bxa7 (51. Qxf3 Rxd4) 51... Rf4 52. Bf2 g4 53. a5 Rf5 $2 (53... Nd6 $19 {aiming for ...Nb5+.} 54. Qd3 Qxd3+ 55. cxd3 Nb5+ 56. Ka4 Nc3+ 57. Kb3 Ne2) 54. Qc7 h5 {Strongly threatening ...Qd6.} 55. Qxb7 Rf6 56. Qd5 $2 {[#]} (56. Kb3 $11 {and White stays safe.}) 56... Rd6 $1 {[%cal Rd6d5]} ({Inferior is} 56... Qxc2 57. Qxh5+ Nh6 58. Re1 $11) 57. Qb3 Rc6 $2 (57... Rd2 $19 58. Be3 Re2) 58. Rd1 $11 Rxc2 $2 {[%mdl 8192] [#]} (58... Ne5 $11 59. Bg3 Qf6) 59. Rd7 $1 $18 {[%mdl 512]} Kg8 {[#]} 60. Rxf7 $1 {[%mdl 576] Deflection} Qxf7 61. Qxc2 Qe6 62. Qb3 Kf7 63. a6 {Av CentiPawn Loss W=-70/B=-95. Weighted=-69/-94} 1-0

[Event "USA-ch Juniors 2020"]
[Site "Saint Louis"]
[Date "2020.10.14"]
[Round "4.2"]
[White "Xiong, Jeffery"]
[Black "Jacobson, Brandon"]
[Result "1/2-1/2"]
[WhiteElo "2709"]
[BlackElo "2487"]
[Annotator "TA"]
[PlyCount "106"]
[EventDate "2020.10.13"]
[EventType "tourn"]
[EventCountry "USA"]
[SourceTitle "playchess.com"]
[Source "ChessBase"]
[SourceQuality "1"]

{[%evp 16,106,44,39,72,67,75,70,76,68,106,59,83,47,50,44,71,70,70,47,69,48,47,37,25,19,19,6,17,0,9,0,18,10,4,3,105,27,85,9,44,34,50,45,47,0,64,69,98,113,214,221,230,231,246,152,140,121,122,139,115,109,131,112,128,37,43,34,42,57,57,18,25,32,66,-27,-26,-29,-13,-39,-39,-32,-41,-41,-16,-16,-1,-12,0,-45,0,-22,0]} 1. e4 c5 2. Nf3 Nc6 3. d4 cxd4 4. Nxd4 Nf6 5. Nc3 d6 6. Bg5 e6 7. Qd3 Bd7 8. O-O-O a6 9. f4 $1 {The main line 9.f4 scores better than 9.Be2.} Qa5 {B62: Sicilian: Richter-Rauzer: 6...e6: Unusual White 7th moves.} 10. Nb3 Qc7 11. Be2 {[#]} O-O-O $146 {White is slightly better.} ({Predecessor:} 11... Be7 12. Bf3 h6 13. Bxf6 gxf6 14. Kb1 h5 15. h4 b5 16. Ne2 a5 17. Nbd4 Nxd4 18. Nxd4 {0-1 (35) Bottema,T (2405)-Armas,J (2450) Wijk aan Zee 1998}) 12. Kb1 Kb8 13. Rhf1 Bc8 14. Qe3 Be7 15. f5 h6 16. Bf4 exf5 17. exf5 Bxf5 18. Nd4 Nxd4 19. Qxd4 Be6 20. Be3 Qc5 21. Qd2 Qc7 22. Qd4 Qc5 23. Qd2 Qc7 24. Rf4 d5 25. Qd4 $36 {[%mdl 2048] Black is under pressure.} Bd6 (25... Rd6 $11 {keeps the balance.}) 26. Qa7+ Kc8 {[#]} 27. Ra4 (27. Nxd5 $1 $16 Bc5 28. Nxc7 Rxd1+ 29. Bxd1 Bxa7 30. Nxe6 (30. Bxa7 Kxc7 31. Bd4 Rd8 $14) 30... Bxe3 31. Rc4+ Kd7 32. Nxg7) 27... Qb8 28. Rxa6 Qxa7 29. Rxa7 Bxh2 30. Na4 Bb8 (30... Kc7 $11) 31. Ra5 Kd7 32. Nc5+ Ke8 (32... Kc7 $16 {was called for.}) 33. Nxb7 $18 Rc8 34. Bc5 Ne4 35. Bb4 f6 36. Ra6 Kf7 37. Bh5+ g6 {[#]} 38. Bxg6+ $1 {[%mdl 576] Deflection} Kxg6 39. Rxe6 Be5 40. Rxd5 ({White should try} 40. Na5 $16) 40... Kf5 $1 $14 {[%cal Rf5e6]} 41. Re7 Rhg8 42. a4 {And now Bd6 would win.} Rxg2 43. c3 Nd2+ 44. Ka1 Nc4 $1 45. Nd6+ (45. a5 $14) 45... Nxd6 $11 46. Bxd6 Rd8 47. Rexe5+ fxe5 48. Rxe5+ {[%mdl 4096] Endgame KRR-KRB} Kf6 49. Bc7 $1 Rc8 {[%mdl 1024] Black has compensation.} 50. Rc5 $1 Ke6 {Hoping for ...Kd7.} 51. Re5+ Kf6 52. Rc5 $1 {aiming for Be5+.} Ke6 {Strongly threatening ...Kd7.} 53. Re5+ Kf6 {White really could win this. Av CentiPawn Loss W=-17/B=-16. Weighted=-17/-18} 1/2-1/2

[Event "USA-ch Juniors 2020"]
[Site "Saint Louis"]
[Date "2020.10.14"]
[Round "4.3"]
[White "Sheng, Joshua"]
[Black "Checa, Nicolas"]
[Result "1-0"]
[WhiteElo "2474"]
[BlackElo "2527"]
[Annotator "TA"]
[PlyCount "125"]
[EventDate "2020.10.13"]
[EventType "tourn"]
[EventCountry "USA"]
[SourceTitle "playchess.com"]
[Source "ChessBase"]
[SourceQuality "1"]

{[%evp 17,125,22,18,16,45,37,45,41,39,29,47,15,31,6,17,9,34,16,15,12,8,13,10,9,14,4,15,15,13,15,7,0,0,0,0,0,0,0,24,0,0,0,2,6,21,22,100,56,58,42,43,33,62,23,14,-8,-15,-68,-69,-74,-35,-43,-58,-50,-16,-15,0,0,0,-4,0,0,0,-154,247,239,1126,1145,1137,1110,1060,1015,895,656,4774,4694,5302,1818,1827,1604,29984,29981,29995,29996,29996,29997,29998,29989,29989,29990,29990,29991,29991,29992,29992,29993,29993,29994,29995,29996]} 1. e4 e6 2. d4 d5 3. Nc3 dxe4 4. Nxe4 Bd7 5. Nf3 Bc6 6. Bd3 Nd7 7. O-O Ngf6 8. Nxf6+ Qxf6 9. Be2 Bd6 10. c4 {Hoping for d5. C10: French with 3 Nc3: Unusual Black 3rd moves and 3...dxe4.} Bxf3 11. Bxf3 c6 12. Qb3 {White is slightly better.} Rb8 $1 13. Be3 O-O 14. Rfd1 {[#]} Rfd8 $146 ({Predecessor:} 14... a6 15. Rac1 Rfd8 16. Be2 Bf4 17. Bxf4 Qxf4 18. Rc3 Nf6 19. Rf3 Qc7 20. Qc3 Rd7 {0-1 (38) Hagesaether,A (2181)-Gormally,D (2514) Hastings 2009}) 15. Qc2 Bf4 16. Rd3 Qh6 17. Bxf4 Qxf4 18. Re1 Nf6 19. g3 Qc7 20. Qc3 Rd7 21. Red1 Rbd8 22. b4 h6 23. a4 a6 24. a5 Qd6 25. Kg2 Qe7 26. R3d2 Rd6 27. Qb2 R6d7 28. Re1 Ne8 29. Rdd1 Qf6 {[%cal Rd7d4]} 30. b5 cxb5 ({Of course not} 30... Rxd4 $6 31. bxa6 bxa6 32. Qb6 $16) 31. cxb5 Qg5 (31... Nc7 $11 {keeps the balance.}) 32. bxa6 bxa6 33. Re5 Qf6 34. Qb6 Rd6 35. Qc5 g6 36. Be2 Ng7 37. Re4 ({White must play} 37. g4 $1 $11) 37... Nf5 $15 {[%cal Rf5d4]} 38. Rf4 Qg5 39. Qc3 {[#]} e5 $1 $36 {[%mdl 2560] Black has the initiative.} 40. Rg4 (40. dxe5 Rxd1) 40... Qe7 {[%cal Rf5d4]} 41. d5 $1 e4 42. Bc4 e3 {Strongly threatening ...exf2.} (42... h5 $5 43. Rf4 $8 R6d7 $11) 43. Re1 {[%cal Rf2e3]} Qc7 44. fxe3 {e4 is the strong threat.} h5 45. Rg5 $2 (45. Rf4 $1 $11 Rxd5 46. e4 {[%mdl 64] Double Attack}) 45... Rxd5 $2 {[#] This costs Black the game.} (45... Qe7 $17 46. Rxf5 gxf5) 46. Rxg6+ $1 $18 {[%mdl 576] Double Attack} Kf8 $2 (46... Kh7 47. Rg7+ (47. Rxa6 h4 $11) 47... Kh8 48. Rg5+ {[%mdl 64] Discovered Attack} Qe5 49. Qxe5+ (49. Rxh5+ Kg7 $18) 49... Rxe5) (46... fxg6 47. Bxd5+) 47. Qh8+ {[%mdl 64] Double Attack} Ke7 48. Qf6+ {[%mdl 64] Double Attack} Kf8 49. Bxd5 Rxd5 50. Rg5 Qc2+ 51. Kh3 Rd2 {[#]} 52. Rh1 (52. Re2 $142 $1 {[%mdl 512]} Qb2 (52... Rxe2 53. Qd8#) 53. Qxb2 Rxb2 54. Rxb2) 52... Qe4 53. Qxf5 Qg2+ 54. Kh4 {White mates.} Qxh1 {[%mdl 4096] Endgame KQR-KQR} 55. Qc8+ Ke7 56. Re5+ Kf6 57. Qf5+ Kg7 58. Qg5+ Kh7 59. Qxh5+ {[%mdl 64] Double Attack} Kg7 60. Rg5+ Kf8 61. Qh8+ Ke7 62. Re5+ Kd7 63. Qe8+ {[%mdl 64] Double Attack. Av CentiPawn Loss W=-39/B=-63. Weighted=-55/-88} 1-0

[Event "USA-ch Juniors 2020"]
[Site "Saint Louis"]
[Date "2020.10.14"]
[Round "4.4"]
[White "Yoo, Christopher Woojin"]
[Black "Shen, Christopher"]
[Result "1-0"]
[WhiteElo "2455"]
[BlackElo "2354"]
[Annotator "RC"]
[PlyCount "79"]
[EventDate "2020.10.13"]
[EventType "tourn"]
[EventCountry "USA"]
[SourceTitle "playchess.com"]
[Source "ChessBase"]
[SourceQuality "1"]
[TimeControl "1500+5"]

1. Nf3 {[%emt 0:00:05]} Nf6 {[%emt 0:00:05]} 2. b3 {[%emt 0:00:02]} g6 {[%emt 0:00:10]} 3. Bb2 {[%emt 0:00:02]} Bg7 {[%emt 0:00:01]} 4. g3 {[%emt 0:00:01]} O-O {[%emt 0:00:06]} 5. Bg2 {[%emt 0:00:02]} d5 {[%emt 0:00:34]} 6. c4 {[%emt 0:00:06]} c6 {[%emt 0:00:11]} 7. O-O {[%emt 0:00:03]} Re8 {[%emt 0:00:21]} 8. d4 {[%emt 0:01:39]} Nbd7 {[%emt 0:02:43]} 9. Nbd2 {[%emt 0:00:36]} a5 {[%emt 0:00:22]} 10. a3 {[%emt 0:01:44]} a4 {[%emt 0:00:56]} 11. cxd5 {[%emt 0:02:25]} cxd5 {[%emt 0:00:24]} 12. b4 {[%emt 0:00:05]} Nb6 {[%emt 0:01:22]} 13. e3 {[%emt 0:00:57]} Bd7 {[%emt 0:00:38]} 14. Qe2 {[%emt 0:00:41]} e6 {[%emt 0:01:32]} 15. Rac1 {[%emt 0:01:10]} Qe7 {[%emt 0:00:41]} 16. Ne5 {[%emt 0:01:04]} Rec8 {[%emt 0:01:14]} 17. e4 {[%emt 0:00:57]} dxe4 {[%emt 0:03:48]} 18. Nxe4 {[%emt 0:00:17]} Nxe4 {[%emt 0:00:14]} 19. Bxe4 {[%emt 0:00:01]} Be8 {[%emt 0:00:05]} 20. Rc5 {[%emt 0:01:23]} Nd5 {[%emt 0:02:16]} 21. Rfc1 {[%emt 0:00:57]} Rxc5 {[%emt 0:00:39]} 22. dxc5 {[%emt 0:00:34]} Rd8 {[%emt 0:00:21]} 23. Nc4 {[%emt 0:01:12]} Qg5 {[%emt 0:03:07]} 24. h4 {[%emt 0:00:09]} Qh6 {[%emt 0:00:37]} 25. Rd1 {[%emt 0:01:19]} Bxb2 {[%emt 0:01:05]} 26. Qxb2 {[%emt 0:00:19]} Qh5 {[%emt 0:00:52]} 27. Rd2 {[%emt 0:01:00]} Qg4 {[%emt 0:00:21]} 28. Rd4 {[%emt 0:00:51]} Qh5 {[%emt 0:01:15]} 29. Nd6 {[%emt 0:01:11]} b6 {[%emt 0:00:19]} 30. Bxd5 {[%emt 0:00:07]} exd5 {[%emt 0:00:01]} 31. Rf4 {[%emt 0:00:19]} Qd1+ {[%emt 0:00:26]} 32. Kh2 {[%emt 0:00:05]} Qe1 {[%emt 0:00:03]} 33. Qf6 {[%emt 0:01:10]} Rd7 {[%emt 0:00:20]} 34. c6 {[%emt 0:00:03]} Re7 {[%emt 0:00:17]} 35. Nxe8 {[%emt 0:00:11]} Rxe8 {[%emt 0:00:00]} 36. Qxf7+ {[%emt 0:00:01]} Kh8 {[%emt 0:00:01]} 37. c7 {[%emt 0:00:04]} Qe5 {[%emt 0:00:28]} 38. Qf8+ {[%emt 0:00:03]} Rxf8 {[%emt 0:00:02]} 39. Rxf8+ {[%emt 0:00:00]} Kg7 {[%emt 0:00:00]} 40. c8=Q {[%emt 0:00:02]} 1-0

[Event "USA-ch Juniors 2020"]
[Site "Saint Louis"]
[Date "2020.10.14"]
[Round "4.5"]
[White "Tiglon, Bryce"]
[Black "Burke, John M"]
[Result "1/2-1/2"]
[WhiteElo "2393"]
[BlackElo "2538"]
[Annotator "RC"]
[PlyCount "48"]
[EventDate "2020.10.13"]
[EventType "tourn"]
[EventCountry "USA"]
[SourceTitle "playchess.com"]
[Source "ChessBase"]
[SourceQuality "1"]
[TimeControl "1500+5"]

1. e4 {[%emt 0:00:05]} e5 {[%emt 0:00:05]} 2. Nf3 {[%emt 0:00:02]} Nc6 {[%emt 0:00:02]} 3. Bb5 {[%emt 0:00:01]} a6 {[%emt 0:00:03]} 4. Ba4 {[%emt 0:00:02]} Nf6 {[%emt 0:00:03]} 5. O-O {[%emt 0:00:04]} b5 {[%emt 0:00:05]} 6. Bb3 {[%emt 0:00:04]} Bc5 {[%emt 0:00:03]} 7. a4 {[%emt 0:00:06]} Rb8 {[%emt 0:00:25]} 8. axb5 {[%emt 0:00:22]} axb5 {[%emt 0:00:03]} 9. Nxe5 {[%emt 0:00:01]} Nxe5 {[%emt 0:00:13]} 10. d4 {[%emt 0:00:01]} Bxd4 {[%emt 0:00:23]} 11. Qxd4 {[%emt 0:00:00]} d6 {[%emt 0:00:02]} 12. f4 {[%emt 0:00:09]} Nc6 {[%emt 0:01:12]} 13. Qc3 {[%emt 0:00:04]} Ne7 {[%emt 0:00:27]} 14. Ra7 {[%emt 0:00:39]} c5 {[%emt 0:02:10]} 15. e5 {[%emt 0:00:14]} Nfd5 {[%emt 0:00:44]} 16. Bxd5 {[%emt 0:00:30]} Nxd5 {[%emt 0:00:03]} 17. Qf3 {[%emt 0:00:12]} Qb6 {[%emt 0:01:02]} 18. Rxf7 {[%emt 0:00:04]} c4+ {[%emt 0:00:01]} 19. Kh1 {[%emt 0:00:06]} Kxf7 {[%emt 0:00:04]} 20. Qxd5+ {[%emt 0:00:01]} Be6 {[%emt 0:00:01]} 21. Qd1 {[%emt 0:00:01]} Bf5 {[%emt 0:00:22]} 22. Qd5+ {[%emt 0:00:02]} Be6 {[%emt 0:00:46]} 23. Qd1 {[%emt 0:00:06]} Bf5 {[%emt 0:01:28]} 24. Qd5+ {[%emt 0:00:05]} Be6 {[%emt 0:00:28]} 1/2-1/2

[Event "USA-ch Juniors 2020"]
[Site "Saint Louis"]
[Date "2020.10.14"]
[Round "5.1"]
[White "Burke, John M"]
[Black "Sevian, Samuel"]
[Result "1-0"]
[WhiteElo "2538"]
[BlackElo "2660"]
[Annotator "TA"]
[PlyCount "97"]
[EventDate "2020.10.13"]
[EventType "tourn"]
[EventCountry "USA"]
[SourceTitle "playchess.com"]
[Source "ChessBase"]
[SourceQuality "1"]

{[%evp 18,97,0,0,0,0,7,0,27,20,18,16,13,8,26,26,25,18,18,18,15,15,31,31,30,39,32,45,42,41,69,67,72,65,58,43,67,55,51,0,42,0,11,0,0,0,0,0,54,53,53,52,52,46,174,179,175,175,164,165,374,353,373,359,376,383,547,527,1150,1185,1157,1150,1103,1010,1084,872,1287,1400,1282,1323,29980,29977]} 1. e4 e5 2. Nf3 Nc6 3. Bb5 a6 4. Ba4 Nf6 5. O-O Be7 6. d3 b5 7. Bb3 d6 8. a3 O-O 9. Nc3 Bg4 10. Be3 Nd4 {C84: Closed Ruy Lopez: Unusual White 6th moves.} 11. Bxd4 exd4 12. Nd5 Nxd5 {The position is equal. The modern move.} 13. Bxd5 Rc8 14. Bc6 Bf6 15. a4 Rb8 16. axb5 axb5 {[#]} 17. Ra6 $5 $146 {[%mdl 8] New and interesting.} ({Predecessor:} 17. Re1 Rb6 18. Bd5 c6 19. Bb3 d5 20. h3 Bc8 21. exd5 cxd5 22. Qd2 Qd6 23. Ra8 {½-½ (57) Nepomniachtchi,I (2784)-Vachier Lagrave,M (2778) chess24.com INT 2020}) 17... Bc8 18. Ra5 Rb6 19. Bxb5 c6 20. Bc4 Rxb2 21. Ra8 Rb6 22. Qd2 Qc7 23. Rfa1 Be6 24. Rxf8+ Kxf8 25. Bxe6 fxe6 26. h4 e5 27. Kh2 h6 28. g4 (28. c3 $14) 28... Be7 29. h5 Kg8 30. g5 Qc8 {And now ...Qg4 would win.} 31. Qa5 Rb8 32. Qa2+ Kh8 (32... d5 $1 $11 33. exd5 Kh8 34. dxc6 (34. Nxe5 $2 Bd6 $19) 34... e4 35. dxe4 Qg4) 33. gxh6 $1 $14 gxh6 {[#] Threatens to win with ...Qg4.} 34. Rg1 {Black must now prevent Rg6.} Qf8 35. Qe6 $1 $40 {[%mdl 128] Hoping for Rg6. White attacks.} Qf4+ {Black cannot hold the game after this.} ({Better is} 35... Kh7 $14) 36. Rg3 $18 Qf6 37. Qxf6+ Bxf6 {[%mdl 4096] Endgame KRB-KRN} 38. Rg6 $1 {[%csl LRf6,LRh6][%mdl 64] [#] Double Attack} Rf8 $2 (38... Be7 39. Rxh6+ Kg8 40. Rg6+ Kf7) 39. Rxh6+ Kg7 40. Rg6+ Kf7 {intending ...Rh8.} 41. Kg3 Rb8 (41... Rh8 $142 42. Kg4 d5 43. Ng5+ Bxg5) 42. Kg4 Rb1 43. Kf5 Be7 44. h6 Rh1 45. Rg7+ Kf8 46. Rh7 Ke8 47. Ke6 Bf8 48. Ng5 Rg1 49. Ra7 {Av CentiPawn Loss W=-7/B=-70. Weighted=-6/-100} 1-0

[Event "USA-ch Juniors 2020"]
[Site "Saint Louis"]
[Date "2020.10.14"]
[Round "5.2"]
[White "Shen, Christopher"]
[Black "Tiglon, Bryce"]
[Result "1-0"]
[WhiteElo "2354"]
[BlackElo "2393"]
[Annotator "TA"]
[PlyCount "83"]
[EventDate "2020.10.13"]
[EventType "tourn"]
[EventCountry "USA"]
[SourceTitle "playchess.com"]
[Source "ChessBase"]
[SourceQuality "1"]

{[%evp 10,83,42,18,34,30,29,5,10,-7,14,-25,-13,-20,-13,-20,-13,-29,70,-8,-14,-21,-22,-5,41,48,48,0,0,-38,-18,-31,7,-20,42,0,0,0,0,0,16,27,28,11,28,28,51,43,54,27,53,51,81,72,72,72,77,75,110,110,110,106,271,275,220,266,224,86,258,260,296,281,29975,29976,29972,29955]} 1. d4 Nf6 2. c4 g6 3. Nc3 d5 4. Nf3 Bg7 5. cxd5 Nxd5 6. Bg5 Nxc3 {D90: Grünfeld: 4 Nf3 Bg7 sidelines.} 7. bxc3 c5 8. Rc1 O-O {The position is equal.} 9. Qd2 Bg4 10. d5 Nd7 11. e4 {[#]} Bxf3 $146 ({Predecessor:} 11... f6 12. Be3 Bxf3 13. gxf3 f5 14. Be2 Qc7 15. Bg5 Rae8 16. h4 fxe4 17. fxe4 Qe5 {1-0 (34) Elis,V (2200)-Schmidt,U (2088) Baden 2018}) 12. gxf3 Ne5 13. Be2 b5 ({Black should play} 13... f5 $1 $11) 14. Bh6 (14. h4 $14) 14... Bxh6 $11 15. Qxh6 f5 16. h4 e6 17. h5 Nf7 18. Qf4 {Hoping for hxg6.} g5 19. Qe3 exd5 20. Rd1 $1 {[%cal Rd1d5] [#]} d4 $1 {[%mdl 512]} 21. cxd4 Qa5+ (21... f4 $11 22. Qc3 cxd4 23. Rxd4 Rc8) 22. Qd2 (22. Kf1 {feels hotter.} f4 23. Qc1 c4 24. Rg1 Kh8 25. d5) 22... Qxd2+ 23. Rxd2 cxd4 24. Rxd4 Rad8 25. Rb4 a6 26. a4 bxa4 27. Rxa4 Rfe8 28. O-O Kg7 29. Bxa6 Rd6 30. Kg2 Re7 31. Bc8 fxe4 32. fxe4 Ne5 33. Bf5 Rh6 34. Rh1 Rd6 35. Ra8 h6 $2 (35... Rh6 $16 {was necessary.} 36. f3 Rb6) 36. Rb1 $18 Nd3 37. Rbb8 {[#] Threatens to win with Rg8+.} Kf6 38. Ra5 (38. Kg3 $18) 38... Nf4+ $2 (38... Kg7 $16 {was called for.}) 39. Kh2 {Strongly threatening Rh8.} Nxh5 40. Rh8 Kg7 $2 (40... Kf7 $18 41. e5 Rde6 42. Bxe6+ Rxe6 43. Ra7+ Kg6) 41. Rh7+ Kf8 42. Ra8+ {Av CentiPawn Loss W=-14/B=-48. Weighted=-18/-47} 1-0

[Event "USA-ch Juniors 2020"]
[Site "Saint Louis"]
[Date "2020.10.14"]
[Round "5.3"]
[White "Checa, Nicolas"]
[Black "Yoo, Christopher Woojin"]
[Result "1-0"]
[WhiteElo "2527"]
[BlackElo "2455"]
[Annotator "RC"]
[PlyCount "95"]
[EventDate "2020.10.13"]
[EventType "tourn"]
[EventCountry "USA"]
[SourceTitle "playchess.com"]
[Source "ChessBase"]
[SourceQuality "1"]
[TimeControl "1500+5"]

1. d4 {[%emt 0:00:05]} Nf6 {[%emt 0:00:05]} 2. c4 {[%emt 0:00:05]} c5 {[%emt 0:00:02]} 3. d5 {[%emt 0:00:05]} b5 {[%emt 0:00:01]} 4. cxb5 {[%emt 0:00:00]} a6 {[%emt 0:00:04]} 5. bxa6 {[%emt 0:00:11]} e6 {[%emt 0:00:02]} 6. Nc3 {[%emt 0:01:24]} exd5 {[%emt 0:00:02]} 7. Nxd5 {[%emt 0:00:13]} Be7 {[%emt 0:00:02]} 8. Nxe7 {[%emt 0:02:09]} Qxe7 {[%emt 0:00:02]} 9. e3 {[%emt 0:00:02]} O-O {[%emt 0:00:05]} 10. Nf3 {[%emt 0:00:03]} d5 {[%emt 0:00:06]} 11. Bd3 {[%emt 0:00:24]} Rd8 {[%emt 0:01:21]} 12. O-O {[%emt 0:00:08]} Ne4 {[%emt 0:00:32]} 13. b3 {[%emt 0:02:09]} Qf6 {[%emt 0:04:11]} 14. Bb2 {[%emt 0:01:28]} Qxb2 {[%emt 0:00:26]} 15. Bxe4 {[%emt 0:00:03]} Bxa6 {[%emt 0:04:01]} 16. Re1 {[%emt 0:02:23]} Nc6 {[%emt 0:03:11]} 17. Bxd5 {[%emt 0:01:23]} Nb4 {[%emt 0:01:31]} 18. e4 {[%emt 0:00:07]} Bb7 {[%emt 0:02:31]} 19. Re2 {[%emt 0:05:05]} Qf6 {[%emt 0:00:58]} 20. Rd2 {[%emt 0:00:43]} Nxd5 {[%emt 0:00:41]} 21. exd5 {[%emt 0:00:04]} Rxd5 {[%emt 0:01:30]} 22. Rxd5 {[%emt 0:00:28]} Bxd5 {[%emt 0:00:00]} 23. Rc1 {[%emt 0:00:02]} Bxf3 {[%emt 0:00:22]} 24. Qxf3 {[%emt 0:00:00]} Qxf3 {[%emt 0:00:38]} 25. gxf3 {[%emt 0:00:00]} Rxa2 {[%emt 0:00:00]} 26. Rxc5 {[%emt 0:00:37]} g6 {[%emt 0:00:04]} 27. f4 {[%emt 0:00:22]} Kg7 {[%emt 0:00:32]} 28. Rc6 {[%emt 0:01:38]} Rb2 {[%emt 0:00:37]} 29. Rb6 {[%emt 0:00:04]} f5 {[%emt 0:01:25]} 30. Kg2 {[%emt 0:00:09]} Kh6 {[%emt 0:00:01]} 31. Rb7 {[%emt 0:00:07]} g5 {[%emt 0:00:36]} 32. fxg5+ {[%emt 0:01:16]} Kxg5 {[%emt 0:00:00]} 33. Kg3 {[%emt 0:00:01]} f4+ {[%emt 0:00:17]} 34. Kf3 {[%emt 0:00:06]} h6 {[%emt 0:00:55]} 35. Rb6 {[%emt 0:00:52]} h5 {[%emt 0:00:27]} 36. Rb5+ {[%emt 0:00:47]} Kg6 {[%emt 0:00:08]} 37. b4 {[%emt 0:01:01]} Kh6 {[%emt 0:00:31]} 38. h4 {[%emt 0:00:25]} Kg6 {[%emt 0:00:02]} 39. Rg5+ {[%emt 0:00:05]} Kh6 {[%emt 0:00:01]} 40. b5 {[%emt 0:00:25]} Rb4 {[%emt 0:00:01]} 41. Rd5 {[%emt 0:00:17]} Kg6 {[%emt 0:00:10]} 42. Rc5 {[%emt 0:00:12]} Rb2 {[%emt 0:00:09]} 43. Kxf4 {[%emt 0:00:36]} Rxf2+ {[%emt 0:00:02]} 44. Ke5 {[%emt 0:00:01]} Rf5+ {[%emt 0:00:03]} 45. Kd6 {[%emt 0:00:12]} Rf4 {[%emt 0:00:02]} 46. b6 {[%emt 0:00:08]} Rxh4 {[%emt 0:00:02]} 47. b7 {[%emt 0:00:03]} Rb4 {[%emt 0:00:03]} 48. Kc7 {[%emt 0:00:03]} 1-0